Normal view MARC view
  • Nursing care

Entry Topical Term

Number of records used in: 4

001 - CONTROL NUMBER

  • control field: 1039

003 - CONTROL NUMBER IDENTIFIER

  • control field: URS

005 - DATE AND TIME OF LATEST TRANSACTION

  • control field: 20220120175255.0

008 - FIXED-LENGTH DATA ELEMENTS

  • fixed length control field: 220120|| aca||babn | a|a d

040 ## - CATALOGING SOURCE

  • Original cataloging agency: URS

150 ## - HEADING--TOPICAL TERM

  • Topical term or geographic name entry element: Nursing care
  • Form subdivision: Examinations, questions, etc.

University of Rizal System
Email us at univlibservices@urs.edu.ph

Visit our Website www.urs.edu.ph/library